Normal view
MARC view
- Microwaves, RF and Optical Engineering
Entry Topical Term
001 - CONTROL NUMBER
- control field: 89659
003 - CONTROL NUMBER IDENTIFIER
- control field: NUST
005 - DATE AND TIME OF LATEST TRANSACTION
- control field: 20220225143837.0
008 - FIXED-LENGTH DATA ELEMENTS
- fixed length control field: 220225|| aca||aabn | a|a d
040 ## - CATALOGING SOURCE
- Original cataloging agency: NUST
- Transcribing agency: NUST
150 ## - HEADING--TOPICAL TERM
- Topical term or geographic name entry element: Microwaves, RF and Optical Engineering
670 ## - SOURCE DATA FOUND
- Source citation: Work cat.: (NUST)0: Chaturvedi, Prakash Kumar, author. 89653, Microwave, Radar & RF Engineering :, 2018
